Datum a čas kvízu
30
Celkem bodů
Celkový počet nahraných bodů na tomto kvízu bez doplňovacích otázek.
5.
Pořadí na kvízu
Konečné umístění týmu na tomto kvízu.
Zaznamenané odpovědi
| # | Otázka | Odpověď | Body | Výsledky |
|---|---|---|---|---|
| 1. | Ve svatovítské katedrále se v... | Petr Fiala | 0 | |
| 2. | První dámu Francie Brigitte Ma... | že je žena | 1 | |
| 3. | Při oslavě osmistého výročí ji... | v Hradci Králové | 1 | |
| 4. | Společnost China Eastern Airli... | Buenos Aires | 0 | |
| 5. | V neděli začalo mistrovství sv... | ve Rwandě | 1 | |
| 6. | Ve spolupráci s Radou Evropy j... | 1B 2D 3A 4C | 0 | |
| 7. | Co znamená maďarské slovo hétf... | pondělí | 0 | |
| 8. | Jak se jmenuje autonomní oblas... | Vojvodina | 1 | |
| 9. | Která z těchto knih nebyla nap... | A | 1 | |
| 10. | Pozoruhodným jazykem je velšti... | křeček | 0 |